000 00960nam a2200277Ia 4500
003 OSt
005 20221005091423.0
006 a|||||r|||| 00| 0
007 ta
008 221004b |||||||| |||| 00| 0 eng d
020 _a9781137604651 (hbk)
_cINR 2550.00
024 _a33539
037 _b020, 23/02/2017, Excel Book International
_cTextual
040 _aCRL
_cCRL
_beng
041 _2eng
_aeng
082 _aW:(Y73:1).2, P6;Q6
100 _aJayal Niraja Gopal
245 0 _aRepresenting India
_b ethnic diversity and the governance of public institutions
260 _aNew York
_bPalgrave Macmillan U.S.A
_c2016
300 _axix,239p.
_ccm.
490 _aEthnicity, inequality and public sector governance series
650 _a ETHNOLOGY - INDIA
_9270965
650 _aPOLITICAL SCIENCE
942 _hW:(Y73:1).2, P6;Q6
_cTEXL
_2cc
999 _c997216
_d997216